000 00646nam a2200205 i 4500
001 128402
003 ES-MaACL
005 20250809063517.0
007 t|
008 070510s1977 sp ||||1| spa d
100 1 _aTamames, Ramón,
_d1933-
_9237391
245 1 0 _aAnuario económico y social de España, 1977 /
_cRamón Tamames.
250 _a1ª ed.
260 _aBarcelona :
_bPlaneta,
_c[1977]
300 _aXXII, 557 p. :
_bil. ;
_c25 cm.
651 4 _aEspaña-
_xSituación económica-
_y1975-1982
_98503
651 _aEspaña-
_xSituación social-
_y1975-1982.
_98507
852 _aES-MaACL
_jA-7311
999 _c128402
_d128402